Quizzes
Events
Quiz Creation
Community
Videos
Private Events
Remove Ads
Sign In
Join for FREE
Feedback
Dark Mode
Quiz Categories
Sports
Geography
Music
Movies
Television
Just For Fun
Miscellaneous
History
Literature
Language
Science
Gaming
Entertainment
Religion
Holiday
For Kids
Quiz Lab
Recent
Popular Today
Quiz Kudos Today
Editor Picks
Curator Picks
Quizzes by...
Day
Popularity
Type
Ratings
Length
Year
Community
Subscriptions
Recent Discussions
Orange Saloon
Badges
Playlists
Quests
Create
Leaderboards
Showdown
Live 5
Trivia Bingo
Activity
Puzzle Library
Sporcle Events
Private Events
Virtual Trivia
Globe League
Become a Host
Pub Owners
SporcleCon
Opinionation
Our Games
Videos
Blog
Mobile Apps
Partnerships
Remove Ads and Go Orange
Feedback
Science
Computer
Plants
Astronomy
Chemistry
Elements
Math
Animal
Physics
Anatomy
Biology
Geology
General Science
Science
Computer
Plants
Astronomy
Chemistry
Elements
Math
Animal
Physics
Anatomy
Biology
Geology
General Science
Random Quiz
Search Sporcle
×
Quiz Lab
Quiz Lab
Science
skull
Type in answers that appear in a list
Type in answers that appear in a list
Classic
Best Score? Go Orange.
Skull Foramina and Contents Stats
Can you name the Skull Foramina and Contents?
By
JessMarshall
5m
16 Questions
58 Plays
58 Plays
58 Plays
Comments
Comments
Give Quiz Kudos
Give Quiz Kudos
-
- Ratings
hide this ad
Replay
Link that replays current quiz
Next Quiz
Link to next quiz in quiz playlist
You Got
0%
They Got
Avg Score
29%
Avg Friend Score
Upgrade to see
Score Distribution
Jump to the score distribution portion of the page
Score
0/16
Timer
05:00
0
Plays Today
Foramina
Contents
% Correct
Ethmoid Foramina
CN I
87.9%
Optic Canal
CNII
86.2%
Hypoglossal Canal
CN XII
36.2%
Foramen Spinosum
Middle Meningeal Artery
32.8%
Internal Auditory Meatus
CN VII, CN VIII
25.9%
Carotid Canal
Internal Carotid artery
25.9%
Superior Orbital Fissure
CN III, IV, VI, V: Opthalmic division
24.1%
Foramen Rotundum
CN V: Maxillary division
24.1%
Foramina
Contents
% Correct
Foramen Ovale
CN V: Mandibular division
24.1%
Greater Palatine Foramen
CN V: Maxillary division
24.1%
Mastoid Foramen
Emissary Vein
15.5%
Incisive Canal
Emissary Vein
15.5%
Condylar Foramen
Emissary Vein
15.5%
Jugular Foramen
CN IX, X, XI
12.1%
Foramen Lacerum
nothing
12.1%
Stylomastoid foramen
CN VII: Motor branch
3.4%
Quiz Playlist
Details
Report
Send in Message
Add To Playlist
Classic:
Type in answers that appear in a list
Last Updated: Feb 16, 2017
Quiz Scoreboard
CHALLENGE
Sign Up to Join the Scoreboard
Show All
Scores
Hide
Comments
May contain spoilers
Recently Published
Click the 1999 NBA Draft
by nibperrychub
Sports
2m
Alphabetical 'K' Countries by Flag Minefield
by ylime102
Geography
3m
Pick 6: Fruits
by JohnFran
Miscellaneous
15s
More to Explore
Quiz From the Vault
Featured Blog Post
15 Basketball Trivia Facts You Can Be March Mad About
hide this ad
You Might Also Like...
Tags
content
foramina
skull
Today's Top Quizzes in Science
Browse Science
hide this ad
Today's Top Quizzes in skull
Browse skull
Top Contributed Quizzes in Science
1
Pick 6: Animals
2
Group Clicking: Animals II
3
Square Numbers Scrambled (1-50)
4
Find the Spring Animals
5
Flowers by Accent Chairs
6
Why is the sky blue? And other physics questions.
7
Word Ladder: A Quick One (7)
8
Trigonometric Exact Values
9
Logic Gate Symbols
10
The First 100 Digits of Pi
Explore More
Trending Topics
Harry Potter
NBA
Kpop
Anime
Marvel
Disney
Crossword
Puzzle
Country
NFL
Song
Pokémon
The Office
WWE
Soccer
hide this ad
More By:
JessMarshall
Quiz
Plays
Rating
Category
Featured
Created
Skull Foramina and Contents
58
Science
Aug 19, 2011
Tender Point Clinical Correlates
26
Science
Mar 22, 2011
Name the Cranial Nerve
22
Science
Aug 19, 2011
Bacterial Respiratory Micro
16
4.00
Science
Apr 28, 2011
GI Diagnosis
8
Science
Feb 10, 2012
Go to Creator's Profile
Score Distribution
Quiz Creator Spotlight
JessMarshall
Follow
Send a Message
Quizzes Created
-
Created Quiz Play Count
-
More By This Creator
Popular Quizzes Today
1
Find the US States - No Outlines Minefield
2
Countries of Asia Without Outlines Minefield
3
Pick 6: Fruits
4
Alphabetical 'K' Countries by Flag Minefield
5
The Countries of the World
6
Find the US States
7
Match the Book to the Film X
8
Click the 1999 NBA Draft
More Science Quizzes
Find the Bamboo Animals
Quiz Lab
Trending Quizzes
Pick 6: Harry Potter
Pick 6: Mountains
Pick 6: NFL Teams
Pick 6: Movie Franchises
Pick 6: Golfers
Recently Updated
Women's Final Four Teams by Year
bhenderson79
Presidents Quartet II
eogle
Anything But Clue(do)
eogle
Anything But Oceanian Capitals
eogle
Anything But 7
eogle
Anything But Thing
eogle
Word Ladder: February 29
pecheneg
Song Title Questions
pecheneg
Women's NCAA Tournament #1 Seeds
pecheneg
Celebrity Mug Shots
pecheneg
Trending Topics
Disney
Marvel
Crossword
Harry Potter
NBA
Kpop
Anime
Soccer
Song
NFL
Country
Pokémon
Puzzle
The Office
WWE
Your Account Isn't Verified!
In order to create a playlist on Sporcle, you need to verify the email address you used during registration. Go to your
Sporcle Settings
to finish the process.
Report this User
Report this user for behavior that violates our
Community Guidelines
.
Details:
Send Report
Go to the Sporcle.com Mobile Site →
Comments